| LEADER | 00630nam a2200181Ia 4500 | ||
|---|---|---|---|
| 005 | 20260324113530.0 | ||
| 008 | 260324s9999||||xx |||||||||||||| ||und|| | ||
| 020 | |a 9782724711295 | ||
| 050 | 4 | |a On Hold | |
| 100 | 0 | |a Béatrix Midant-Reynes | |
| 245 | 1 | 0 | |a Guide de l'Égypte prédynastique |c Béatrix Midant-Reynes |
| 264 | 1 | |a Cairo |b Institut français d'archéologie orientale |c 2025 | |
| 300 | |a 259 pages |b illustrations (chiefly color) |c 22 cm | ||
| 490 | 0 | |a GIFAO 6 | |
| 500 | |a Includes bibliographical references (pages 224-243) and index. | ||
| 500 | |a Number of series appears on back cover. | ||
| 700 | 0 | |a Yann Tristant | |
| 999 | |c 61902 |d 61902 | ||
